000 00360nam a2200145 i 4500
001 bg
100 1 _aMOSTOWSKI, Andrzej
245 0 _aElementy algebry wyższej /
_cAndrzej Mostowski, Marceli Stark.
260 _aWarszawa,
_c1965.
700 1 _aSTARK, Marceli
040 _cBPK
041 _apol
942 _cKS
008 s pl f |000 0 pol
999 _c20219
_d20219
856 _uhttp://koha.tu.koszalin.pl/cgi-bin/koha/opac-detail.pl?biblionumber=20219
_yKatalog online BPK